1687 1475 1974 1051 1624 1617 1333 1752 1538 1081 1849 1224 1817 1464 1926 1793 1156 1673 1105 1852 1482 1330 1511 1638 1340 1029 1919 1875 1841 1884 1241 1378 1945 1527 1775 1779 1848 1071 1191 1406 1429 1720 1690 1082 1935 1297 1642 1573 1727 1636 1478 1759 1525 1684 1540 1247 1526 1316 1562 1747 1364 1672 1720 1593 1344 1949 1644 1147 1537 1885 1921 1046 1098 1663 1761 1157 1453 1131 1074 1619 1953 1239 1274 1764 1218 1889 1780 1586 1297 1538 1658 1182 1525 1283 1036 1017 1469 1585 1644 BCNSPRNW ULIB Ver.6.0+V

เปลี่ยนเป็นภาษาไทย

Change to English
 แสดงรายละเอียดบรรณานุกรม
  กลับหน้าหลัก

Brief Record : Get Marc (ISO 2709) : E-mail record : QR code < ปิดหน้าต่าง
LEADER : 00000nam 2200000uu 4500
001    13399120826
003     ULIB
008    121018s2550||||th 000 0 tha d
020    ^a9789747489637
060 04 ^aWJ300^bม134อ
100 0  ^aมนู ยุวศิริกุลชัย
245 00 ^aอยู่กับไตวาย /^cมนู ยุวศิริกุลชัย
260    ^aกรุงเทพฯ :^bใกล้หมอ,^c2550
300    ^a104 หน้า
650  7 ^aไตวาย
945    ^p99^l0^i14516
945    ^p99^l0^i14517
995    ^aทศพร
999    ^aกัณชพร
รายการนี้ยังไม่มีแท็ก
คุณยังไม่ได้ล็อกอิน คุณสามารถมีกิจกรรมร่วมกับเว็บไซต์ได้ แต่ต้องล็อกอินก่อน ::
  ล็อกอิน

รายการสื่อสารสนเทศ

ลำดับที่ ประเภท เลขเรียก/บาร์โค้ด สถานที่ สถานะ
1. วิทยาศาสตร์การแพทย์ และสุขภาพ
วิทยาศาสตร์การแพทย์ และสุขภาพ
WJ300 ม134อ ฉ.1 
  Barcode: 14516
ห้องสมุดวิทยาเขตสวรรค์ประชารักษ์
►หนังสือทั่วไป
บนชั้น
2. วิทยาศาสตร์การแพทย์ และสุขภาพ
วิทยาศาสตร์การแพทย์ และสุขภาพ
WJ300 ม134อ ฉ.2 
  Barcode: 14517
ห้องสมุดวิทยาเขตสวรรค์ประชารักษ์
►หนังสือทั่วไป
บนชั้น

รายการใกล้เคียง
    ผู้แต่ง [มนู ยุวศิริกุลชัย]

    หัวเรื่อง [ไตวาย]

BibComment


ยังไม่เคยถูกคอมเมนท์

คอมเมนท์ทรัพยากรรายการนี้
  คอมเมนท์: อยู่กับไตวาย มน..


 Copyright 2026. Bcnsprnw @Library